Diseases of infancy and childhood.

Gespeichert in:
Bibliographische Detailangaben
1. Verfasser: Sheldon, Wilfrid, Sir
Format: Buch
Sprache:English
Veröffentlicht: Lond. : Churchill, 1962.
Ausgabe:8th ed.
Schlagworte:
LEADER 00708nam a22002051 4500
001 c000006901
003 CARM
005 00000000000000.0
008 s1962 enk 0 eng d
019 1 |a 4048145  |z 7195766  |5 LACONCORD2021 
035 |a (OCoLC)4299458  |5 LACONCORD2021 
100 1 |a Sheldon, Wilfrid,  |c Sir. 
245 1 0 |a Diseases of infancy and childhood. 
250 |a 8th ed. 
260 |a Lond. :  |b Churchill,  |c 1962. 
650 0 |a Pediatrics. 
852 8 |b CARM  |h A2:AD30G0  |i B00054  |p 0004314  |f BK 
082 0 4 |a 618.92 
999 f f |i 76ed244a-f698-5285-9e51-58a637796ae5  |s 3a4d9046-1887-5099-9a6a-18bc1d977d39 
952 f f |p Can circulate  |a CAVAL  |b CAVAL  |c CAVAL  |d CARM 1 Store  |e B00054  |f A2:AD30G0  |h Other scheme  |i book  |m 0004314